000 00812cab a2200193 4500
001 ABS37438
008 090401t1987 xxu||||| |||| 00| 0 eng d
035 _a(Sirsi) u4475
041 _aeng
100 _aHarris, T.G.F.
245 _aMergers and take-overs - what to look for
260 _c1987
350 _a0
490 _aLaw Society`s Gazette
_v84 (7) 18 February 1987, 474-477 (2)
520 _aA guide for those considering a merger or take-over of another firm. Identifies the advantages and disadvantages of such a move and looks at the basic information, both financial and non-financial, which should be obtained from the business being taken over and examines how it should be interpreted.
690 _aMANAGEMENT-BUSINESS MANAGEMENT-PROFESSIONAL PRACTICE
942 _n0
948 _c04/03/1997
999 _c2695
_d2695